000 00775nam a2200253 i 4500
001 bg
100 1 _aStankiewicz, Wacław
_d(1925- ).
245 1 0 _aHistoria myśli ekonomicznej /
_cWacław Stankiewicz.
250 _aWyd. 2 rozsz.
260 _aWarszawa :
_bPolskie Wydawnictwo Ekonomiczne,
_c2000.
300 _a659, [1] s. :
_bil. ;
_c24 cm.
504 _aBibliogr. - Indeks.
650 9 _aNauki ekonomiczne
_xhistoria
655 _aPodręczniki akademickie
020 _a8320812763
040 _cBPK
041 0 _apol
080 _a330(091)
080 _a(075.8)
920 _a83-208-1276-3
942 _cKS
008 s pl f |000 0 pol
999 _c45180
_d45180
856 _uhttp://koha.tu.koszalin.pl/cgi-bin/koha/opac-detail.pl?biblionumber=45180
_yKatalog online BPK